Shifts in American Identity Resulting from Significant Events in the 21st Century diplomová práca
Enregistré dans:
| Auteur principal: | |
|---|---|
| Collectivité auteur: | |
| Autres auteurs: | |
| Format: | Livre |
| Langue: | anglais |
| Publié: |
Bratislava
2017
|
| Tags: |
Pas de tags, Soyez le premier à ajouter un tag!
|
MARC
| LEADER | 00000nbm a2200000 4500 | ||
|---|---|---|---|
| 001 | 0231415 | ||
| 005 | 20180215144257.3 | ||
| 041 | 0 | |a eng | |
| 044 | |a SK | ||
| 245 | 1 | 0 | |a Shifts in American Identity Resulting from Significant Events in the 21st Century |b diplomová práca |c Michaela Karlubíková ; školiteľ: Mária Bláhová |
| 264 | 1 | |a Bratislava |c 2017 | |
| 300 | |a 67 s. | ||
| 100 | 1 | |a Karlubíková, Michaela | |
| 700 | 1 | |a Bláhová, Mária | |
| 710 | 2 | |a Fakulta aplikovaných jazykov EU v Bratislave. Katedra interkultúrnej komunikácie | |